[Event "Parauapebas CXCP op 1st"]
[Site "Parauapebas"]
[Date "2017.03.04"]
[Round "4.5"]
[White "Luz Silva, Claudio Luis Olivei"]
[Black "Almeida, Talita Medrado"]
[Result "1-0"]
[WhiteElo "1835"]
[BlackElo "1828"]
[PlyCount "93"]
[EventDate "2017.03.03"]
[EventType "swiss"]
[EventRounds "6"]
[EventCountry "BRA"]
[SourceTitle "EXT 2022"]
[Source "ChessBase"]
[SourceDate "2021.10.06"]
[SourceVersion "1"]
[SourceVersionDate "2021.10.06"]
[SourceQuality "1"]

1. e4 e5 2. Bc4 Nf6 3. d4 exd4 4. e5 Qe7 5. f4 d6 6. Nf3 Nc6 7. 0-0 dxe5 8. fxe5 Ne4 9. Nxd4 Nxe5 10. Bb3 Qh4 11. Rf4 Bg4 12. Rxe4 0-0-0 13. Qf1 Bc5 14. c3 f5 15. Be6+ Kb8 16. Bxf5 Rhf8 17. Rxe5 Bxf5 18. Rxf5 Rxf5 19. Qxf5 Rf8 20. g3 Bxd4+ 21. Kg2 Rxf5 22. gxh4 Rf2+ 23. Kg3 Bb6 24. Nd2 Re2 25. Nc4 Bc5 26. b4 Be7 27. Bf4 b5 28. Ne3 Kc8 29. Kf3 Rb2 30. Nd5 Bxh4 31. a4 c6 32. Ne3 Rf2+ 33. Ke4 a6 34. axb5 axb5 35. Ra7 Bf6 36. Rc7+ Kd8 37. Rxc6 Kd7 38. Rc5 h6 39. Bg3 Rd2 40. Rd5+ Rxd5 41. Nxd5 Bd8 42. h4 Kc6 43. h5 Bg5 44. Be5 Kd7 45. Bxg7 Kd6 46. Nf6 Bd2 47. Ng4 1-0

[Event "Parauapebas CXCP op 1st"]
[Site "Parauapebas"]
[Date "2017.03.04"]
[Round "3.7"]
[White "Silva, Janio Santos"]
[Black "Luz Silva, Claudio Luis Olivei"]
[Result "1-0"]
[WhiteElo "1931"]
[BlackElo "1835"]
[PlyCount "105"]
[EventDate "2017.03.03"]
[EventType "swiss"]
[EventRounds "6"]
[EventCountry "BRA"]
[SourceTitle "EXT 2022"]
[Source "ChessBase"]
[SourceDate "2021.10.06"]
[SourceVersion "1"]
[SourceVersionDate "2021.10.06"]
[SourceQuality "1"]

1. e4 c5 2. Nf3 g6 3. d4 Bg7 4. c3 cxd4 5. cxd4 Nf6 6. e5 Ne4 7. Bd3 d5 8. Qc2 f5 9. Nc3 Nc6 10. a3 e6 11. 0-0 0-0 12. Ne2 h6 13. Ne1 Bd7 14. f3 Ng5 15. Be3 Rc8 16. Qd2 Nf7 17. Kh1 g5 18. g3 b5 19. b4 a6 20. Rc1 Qb6 21. Bb1 a5 22. Nd3 axb4 23. axb4 Ne7 24. Nc5 Be8 25. Qd3 Nh8 26. h4 Nf7 27. g4 gxh4 28. Kg2 Ng5 29. Rh1 h3+ 30. Kg3 fxg4 31. Nf4 h5 32. fxg4 hxg4 33. Kxg4 Rf5 34. Qe2 Ne4 35. Nxe4 Rxc1 36. Rxc1 dxe4 37. Bxe4 Rf8 38. Kxh3 Nf5 39. Rg1 Qa7 40. Nxe6 Kh8 41. Nxf8 Nxe3 42. Qxe3 Bxf8 43. Qf4 Bd7+ 44. Bf5 Bxf5+ 45. Qxf5 Bg7 46. Qh5+ Kg8 47. Qe8+ Kh7 48. Qg6+ Kg8 49. Qxg7+ Qxg7 50. Rxg7+ Kxg7 51. Kg4 Kf7 52. Kf5 Ke7 53. d5 1-0

[Event "Maraba op 3rd"]
[Site "Maraba"]
[Date "2016.04.23"]
[Round "6"]
[White "Almeida, Antonio Carlos S"]
[Black "Luz Silva, Claudio Luis Olivei"]
[Result "1/2-1/2"]
[WhiteElo "1984"]
[BlackElo "1888"]
[PlyCount "160"]
[EventDate "2016.04.21"]
[EventType "swiss"]
[EventRounds "7"]
[EventCountry "BRA"]
[SourceTitle "CBM 172 Extra"]
[Source "ChessBase"]
[SourceDate "2016.06.21"]
[SourceVersion "1"]
[SourceVersionDate "2016.06.21"]
[SourceQuality "1"]

1. d4 Nf6 2. Nf3 d6 3. g3 g6 4. Bg2 Bg7 5. 0-0 0-0 6. c4 c6 7. Nc3 Nbd7 8. b3 Re8 9. Bb2 e5 10. e4 Qc7 11. Re1 exd4 12. Nxd4 Ne5 13. Qd2 Nfg4 14. h3 Bh6 15. Qc2 Nf6 16. Rad1 a6 17. Kh2 Qe7 18. Bc1 Bg7 19. Bg5 h6 20. Be3 Kh7 21. f4 Ned7 22. Bc1 Nc5 23. b4 Ne6 24. Nf3 Nh5 25. f5 Ng5 26. fxg6+ fxg6 27. Nxg5+ hxg5 28. Ne2 g4 29. h4 Be5 30. Bg5 Qc7 31. Rd3 Qb6 32. a3 Rf8 33. c5 dxc5 34. Qxc5 Qxc5 35. bxc5 Be6 36. Rd2 Rf2 37. Kg1 Raf8 38. Nf4 Rxd2 39. Nxe6 Rxg2+ 40. Kxg2 Rf3 41. Bf4 Nxf4+ 42. gxf4 Bxf4 43. Nxf4 Rxf4 44. Kg3 Rf3+ 45. Kxg4 Rxa3 46. Rb1 Rc3 47. Rxb7+ Kh6 48. Rb6 Rxc5 49. Rxa6 Rc4 50. Kf4 Kh5 51. Ra8 Kh6 52. Ke5 Kh5 53. Kf4 Kh6 54. Re8 Kg7 55. Ke5 Kf7 56. Rc8 Ke7 57. Rc7+ Kf8 58. Kf6 Ke8 59. Re7+ Kd8 60. Re5 Kd7 61. Kxg6 Kd6 62. Re8 Kd7 63. Re5 Kd6 64. Kf5 Rc1 65. Re6+ Kd7 66. h5 Rh1 67. Rh6 c5 68. Ke5 Rd1 69. Rh7+ Kc6 70. Ke6 c4 71. Rh8 Rd6+ 72. Ke5 Rd7 73. Rc8+ Kb5 74. Kf6 Rd6+ 75. Ke7 Rh6 76. e5 Rxh5 77. e6 Rh3 78. Kf6 Rf3+ 79. Ke5 Kb4 80. e7 Re3+ 1/2-1/2

[Event "Santa Luzia LMX Maranhense 7th"]
[Site "Santa Luzia"]
[Date "2016.03.27"]
[Round "4.3"]
[White "Luz Silva, Claudio Luis Olivei"]
[Black "Abreu, Nilton Silva"]
[Result "1-0"]
[WhiteElo "1820"]
[BlackElo "2006"]
[PlyCount "91"]
[EventDate "2016.03.25"]
[EventType "swiss"]
[EventRounds "5"]
[EventCountry "BRA"]
[SourceTitle "EXT 2022"]
[Source "ChessBase"]
[SourceDate "2021.10.06"]
[SourceVersion "1"]
[SourceVersionDate "2021.10.06"]
[SourceQuality "1"]

1. Nf3 d5 2. g3 Bg4 3. Bg2 e6 4. c3 c6 5. 0-0 Nd7 6. d4 Bd6 7. Nbd2 f5 8. Qb3 Qb6 9. Qc2 Ngf6 10. Ng5 Nf8 11. f3 Bh5 12. e4 fxe4 13. fxe4 h6 14. Ngf3 N8d7 15. exd5 exd5 16. Re1+ Kf7 17. Nf1 Rhe8 18. Be3 Bg6 19. Qf2 Kg8 20. Ne5 Bh7 21. c4 Qc7 22. Nxd7 Qxd7 23. cxd5 cxd5 24. h3 Ne4 25. Qf3 Rf8 26. Qh5 Rf5 27. Qh4 Re8 28. Qg4 h5 29. Qd1 Nxg3 30. Nd2 Bb4 31. Qb3 Bxd2 32. Bxd2 Ne2+ 33. Kh1 Kh8 34. Be3 Ng3+ 35. Kh2 Ne4 36. Kg1 Rf6 37. Rf1 Rb6 38. Qa3 a6 39. Rf8+ Bg8 40. Raf1 Rf6 41. R1xf6 Nxf6 42. Bf4 Rxf8 43. Qxf8 Qf7 44. Qd6 Qg6 45. Be5 Ne4 46. Qxg6 1-0

[Event "Belem Regional Norte"]
[Site "Belem"]
[Date "2016.03.19"]
[Round "4"]
[White "Da Silva, Jefferson Rian Ferr"]
[Black "Luz Silva, Claudio Luis Olivei"]
[Result "0-1"]
[WhiteElo "1938"]
[BlackElo "1820"]
[PlyCount "136"]
[EventDate "2016.03.18"]
[EventType "swiss"]
[EventRounds "6"]
[EventCountry "BRA"]
[SourceTitle "CBM 171 Extra"]
[Source "ChessBase"]
[SourceDate "2016.04.26"]
[SourceVersion "1"]
[SourceVersionDate "2016.04.26"]
[SourceQuality "1"]

1. e4 d6 2. d4 g6 3. Bc4 Nf6 4. f3 Bg7 5. Be3 c6 6. Qd2 h5 7. Ne2 b5 8. Bd3 Nbd7 9. 0-0 e5 10. c3 0-0 11. a4 bxa4 12. Rxa4 Kh7 13. Kh1 Nb6 14. Ra1 Be6 15. Bg5 Qc7 16. f4 Bc4 17. fxe5 Ng4 18. h3 Nh6 19. exd6 Qxd6 20. Bf4 Qe6 21. Na3 Bxd3 22. Qxd3 Rfe8 23. Bxh6 Bxh6 24. e5 Bg5 25. Ng3 Kg7 26. Ne4 Be7 27. Rae1 Rad8 28. Nf6 Rh8 29. Rf2 c5 30. Nc2 Nc4 31. Qf3 Nb6 32. Ne4 Bh4 33. Nxc5 Qd5 34. g3 Bxg3 35. Qxd5 Rxd5 36. Ref1 Bxf2 37. Rxf2 Re8 38. Nb4 Rdd8 39. Nc6 Ra8 40. Ne4 Re6 41. Rxf7+ Kxf7 42. Ng5+ Ke8 43. Nxe6 Kd7 44. d5 Nxd5 45. Ned4 Nf4 46. h4 a5 47. e6+ Kd6 48. e7 Nd5 49. Nxa5 Nxe7 50. Nc4+ Kc5 51. Ne5 Ra7 52. Nd3+ Kb6 53. Kg2 Nd5 54. Kf3 Ra1 55. Ke4 Nf6+ 56. Ke5 Ng4+ 57. Kf4 Rd1 58. Nb4 Kc5 59. Kg5 Ne5 60. Kf6 Re1 61. Nf3 Rf1 62. Kxe5 Rxf3 63. Ke6 Kc4 64. Nc6 Rg3 65. Nd4 Kd3 66. Kf6 g5 67. hxg5 h4 68. g6 h3 0-1

[Event "Parauapebas Paraense-ch"]
[Site "Parauapebas"]
[Date "2015.11.20"]
[Round "1"]
[White "Luz Silva, Claudio Luis Olivei"]
[Black "Leal, Laucidio Bonfim"]
[Result "1-0"]
[WhiteElo "1879"]
[BlackElo "1743"]
[PlyCount "83"]
[EventDate "2015.11.20"]
[EventType "swiss"]
[EventRounds "6"]
[EventCountry "BRA"]
[SourceTitle "CBM 169 Extra"]
[Source "ChessBase"]
[SourceDate "2015.12.18"]
[SourceVersion "1"]
[SourceVersionDate "2015.12.18"]
[SourceQuality "1"]

1. Nf3 Nf6 2. d3 d6 3. e4 e5 4. g3 Be6 5. Bg2 g6 6. 0-0 Qc8 7. Re1 Bh3 8. Bh1 Bg7 9. c3 0-0 10. Ng5 h6 11. Nxh3 Qxh3 12. Bg2 Qe6 13. Nd2 Nbd7 14. d4 Rad8 15. d5 Qe8 16. b4 Nh7 17. Qc2 f5 18. exf5 Rxf5 19. Bh3 Rf7 20. Be6 Ndf6 21. Qxg6 Kf8 22. Bxf7 Qxf7 23. Qxf7+ Kxf7 24. c4 Re8 25. Ne4 h5 26. Bd2 Nd7 27. Rac1 Bf8 28. Be3 c5 29. dxc6 bxc6 30. Bxa7 Ra8 31. Be3 Rxa2 32. Ra1 Rc2 33. Ra7 Ke7 34. c5 d5 35. Nd6 Ke6 36. Ne8 Rc4 37. Rb7 Re4 38. f3 Rc4 39. f4 d4 40. Bf2 Nhf6 41. Nxf6 Nxf6 42. Rxe5# 1-0